Bilecik Bilecik Bilecik Bilecik Bilecik

Ergonomi/ (Record no. 26790)

MARC details
000 -BAŞLIK
Sabit Uzunluktaki Kontrol Alanı 01052nam a22003377a 4500
001 - KONTROL NUMARASI
Control Dosyası 0026854
003 - KONTROL NUMARASI KİMLİĞİ
Kontrol Alanı KOHA_MİRAKIL
005 - EN SON İŞLEM TARİHİ ve ZAMANI
Kontrol Alanı 20260207002540.0
007 - FİZİKSEL TANIM SABİT ALAN - GENEL BİLGİ
Sabit uzunluklu kontrol alanı ta
008 - SABİT UZUNLUKTAKİ VERİ ÖGELERİ - GENEL BİLGİ
Sabit Alan 110106b2001 tu a|||gr||||#||||0|tur |
020 ## - ISBN - ULUSLARARASI STANDART KİTAP NUMARASI
Isbn 9756707054
Kullanılabilirlik koşulları 0,01
040 ## - KATALOGLAMA KAYNAĞI
Özgün Kataloglama Kurumu TR-BiSEU
Kataloglama Dili tur
Çeviri Kurumu TR-BiSEU
Açıklama Kuralları rda
041 0# - DİL KODU
Metin ya da ses kaydının dil kodu tur
044 ## - YAYINLAYAN/ÜRETEN KURULUŞUN ÜLKE KODU
ISO country code tu
050 ## - SINIFLAMA ve YER NUMARASI
Sınıflama Numarası TA166
Yer Numarası .S8 2001
100 1# - KİŞİ ADI
Yazar Adı (Kişi adı) Su, Bayram Ali.
245 1# - ESER ADI BİLDİRİMİ
Başlık Ergonomi/
Sorumluluk Bildirimi Bayram Ali Su ; Bayram Ali Su.
264 #1 - ÜRERİM, YAYIN, DAĞITIM ve TELİF BİLDİRİMİ
Yayın yeri Ankara :
Yayınlayan Atılım Üniversitesi
Yayın tarihi 2001
300 ## - FİZİKSEL TANIMLAMA
Sayfa, Cilt vb. xi, 247 sayfa :
Diğer fiziki detaylar tbl. şkl. ;
Boyutları 25 cm.
336 ## - İÇERİK TÜRÜ
Content type term metin
Content type code txt
Source rdacontent
337 ## - MEDYA TÜRÜ
Media type term aracısız
Media type code n
Source rdamedia
338 ## - TAŞIYICI TÜRÜ
Carrier type term cilt
Carrier type code nc
Source rdacarrier
490 1# - DİZİ BİLDİRİMİ
Dizi Bildirimi Atılım Universitesi yayınları ;
Cilt Numarası 5.
490 1# - DİZİ BİLDİRİMİ
Dizi Bildirimi Mühendislik Fakültesi yayınları ;
Cilt Numarası 2
500 ## - GENEL NOT
Genel Not Kaynakça var.
650 #0 - KONU BAŞLIĞI EK GİRİŞ - KONU TERİMİ
Konusal terim veya coğrafi ad Human engineering.
9 (RLIN) 24831
650 #0 - KONU BAŞLIĞI EK GİRİŞ - KONU TERİMİ
Konusal terim veya coğrafi ad İnsan mühendisliği.
9 (RLIN) 24832
830 1# - SERİ EK GİRİŞİ - TEKBİÇİM ESER ADI
Tekbiçim Başlık Atılım Universitesi yayınları ;
Volume number/sequential designation 5.
9 (RLIN) 53208
830 1# - SERİ EK GİRİŞİ - TEKBİÇİM ESER ADI
Tekbiçim Başlık Mühendislik Fakültesi yayınları ;
Volume number/sequential designation 2
9 (RLIN) 7962
942 ## - EK GİRİŞ ÖGELERİ (KOHA)
Source of classification or shelving scheme Library of Congress Classification
Koha item type Book
Holdings
Materyal Türü Kalıcı Konum Mevcut Konum Raf Yeri Sınıflandırma Kaynağı Edinim Bilgisi Ana Konular Alt Konular Yer Numarası Demirbaş Numarası Fatura Tarihi Geri Çekilme Durumu Kayıp Durumu Hasarlı Durumu Kredi için değil Kayıt Tarih Toplam Ödünçverme Son Görülme Tarihi Son Kontrol Tarihi Genel / Bağış Notu
Book Prof. Dr. Azmi Özcan Kütüphanesi Prof. Dr. Azmi Özcan Kütüphanesi Birûni Salonu Library of Congress Classification Bağış TEKNOLOJİ Mühendislik (Genel), İnşaat Mühendisliği (Genel) TA166 .S8 2001 0026854 02/02/2026         06/01/2011 2 05/12/2024 05/12/2024 Genel Bağış